[Event "DMSl_2006_LSS_R4"]
[Site "SZSzach"]
[Date "2006.03.11"]
[Round "4.34"]
[White "Skrzyczek, Tomasz"]
[Black "Kwasny, Leszek"]
[Result "0-1"]
[WhiteElo "2035"]
[BlackElo "1909"]
[PlyCount "82"]
[EventDate "2006.??.??"]

1. e4 c6 2. d4 d5 3. Nc3 dxe4 4. Nxe4 Nd7 5. Nf3 Ngf6 6. Ned2 e6 7. Nc4 b5 8.
Nce5 Bb7 9. Bd3 c5 10. c3 c4 11. Bc2 Bd6 12. O-O Qc7 13. Re1 Rd8 14. Qe2 O-O
15. Bg5 Rde8 16. Nd2 h6 17. Bh4 Nd5 18. Bg3 N7f6 19. f4 Re7 20. Ne4 Nxe4 21.
Bxe4 Nf6 22. Bc2 Nd5 23. Rf1 Rc8 24. a3 a5 25. Bh4 Ree8 26. Rae1 f6 27. Qe4 f5
28. Qe2 b4 29. axb4 axb4 30. Ba4 Rf8 31. Bd7 Rce8 32. Bxe8 Rxe8 33. Qh5 Rb8 34.
Qg6 Bc8 35. g4 bxc3 36. bxc3 Nxc3 37. gxf5 exf5 38. Rf3 Ne4 39. Rh3 Bb4 40.
Rxe4 fxe4 41. Bd8 Qxd8 0-1

[Event "DMSl_2006_LSS_R4"]
[Site "SZSzach"]
[Date "2006.03.11"]
[Round "4.37"]
[White "Kubit, Tomasz"]
[Black "Szopka, Dariusz"]
[Result "1/2-1/2"]
[WhiteElo "2180"]
[BlackElo "2204"]
[PlyCount "74"]
[EventDate "2006.??.??"]

1. e4 g6 2. d4 Bg7 3. Nc3 d6 4. Be3 c6 5. Nf3 b5 6. a3 Nf6 7. h3 O-O 8. Qd2 Re8
9. Be2 a6 10. O-O Bb7 11. Rfd1 Qc7 12. Bf4 c5 13. e5 cxd4 14. exd6 exd6 15.
Nxd4 Qb6 16. Bf3 d5 17. Nde2 Ne4 18. Bxe4 dxe4 19. Qd6 Qxd6 20. Rxd6 Nc6 21.
Rad1 Ne5 22. Rb6 Re7 23. Bg5 Rc7 24. Bd8 Rcc8 25. Rxb7 Rxd8 26. Rxd8+ Rxd8 27.
Nxe4 Nc4 28. Ng5 Nd6 29. Ra7 Bxb2 30. Rxa6 h6 31. Nf3 Ne4 32. g3 Rc8 33. Ne1
Nd2 34. Nd3 Rxc2 35. Nxb2 Rxb2 36. Nc3 Rb3 37. Rc6 Rxa3 1/2-1/2

[Event "DMSl_2006_LSS_R4"]
[Site "SZSzach"]
[Date "2006.03.11"]
[Round "4.38"]
[White "Pfranger, Adam"]
[Black "Moroz, Henryk"]
[Result "1-0"]
[WhiteElo "2171"]
[BlackElo "2072"]
[PlyCount "75"]
[EventDate "2006.??.??"]

1. e4 c6 2. d4 d5 3. e5 Bf5 4. h4 h5 5. Ne2 Nh6 6. Ng3 g6 7. c3 Nd7 8. Na3 Qc7
9. Be2 Bg4 10. f3 Be6 11. Bd3 O-O-O 12. Bf4 f6 13. Bxg6 fxe5 14. dxe5 Bg7 15.
Nxh5 Bxe5 16. Bxe5 Nxe5 17. Qe2 Bf5 18. Bxf5+ Nxf5 19. g4 Rxh5 20. gxh5 Ng3 21.
Qg2 Nxh1 22. Qxh1 Rf8 23. O-O-O Nxf3 24. Kb1 Qg3 25. Nc2 e5 26. h6 e4 27. Nd4
Qg6 28. Qh3+ Kb8 29. h5 Qxh6 30. Ne6 Rg8 31. Qf5 a6 32. Qf7 Rh8 33. Qc7+ Ka7
34. Nd8 Rxd8 35. Qxd8 Qxh5 36. Qd6 Qe5 37. Qc5+ Kb8 38. Qf8+ 1-0

[Event "DMSl_2006_LSS_R4"]
[Site "SZSzach"]
[Date "2006.03.11"]
[Round "4.39"]
[White "Kliemt, Grzegorz"]
[Black "Majczyna, Andrzej"]
[Result "0-1"]
[WhiteElo "2076"]
[BlackElo "2055"]
[PlyCount "54"]
[EventDate "2006.??.??"]

1. c4 f5 2. Nc3 Nf6 3. g3 e6 4. Bg2 d5 5. cxd5 exd5 6. Nf3 c6 7. d4 Bd6 8. Bg5
h6 9. Bxf6 Qxf6 10. e3 O-O 11. O-O g5 12. a3 Nd7 13. b4 Qe7 14. Qd3 Nf6 15. Nd2
Ne4 16. f3 Nxc3 17. Qxc3 f4 18. exf4 gxf4 19. Rfe1 Qf6 20. g4 Bd7 21. Bf1 Rae8
22. Nb3 Re3 23. Rxe3 fxe3 24. Qxe3 Qxf3 25. Qxh6 Qxg4+ 26. Kh1 Bf4 27. h3 Qg3
0-1

[Event "DMSl_2006_LSS_R4"]
[Site "SZSzach"]
[Date "2006.03.11"]
[Round "4.40"]
[White "Goliszek, Wieslaw"]
[Black "Warchalowski, Daniel"]
[Result "0-1"]
[WhiteElo "2120"]
[BlackElo "1990"]
[PlyCount "100"]
[EventDate "2006.??.??"]

1. e4 e5 2. Nf3 Nc6 3. Bc4 Be7 4. O-O d6 5. c3 Nf6 6. Re1 O-O 7. h3 h6 8. d4
Nh7 9. Nbd2 Ng5 10. d5 Nb8 11. Bd3 f5 12. Nxg5 Bxg5 13. exf5 Bxf5 14. Ne4 Bxc1
15. Rxc1 Qh4 16. Ng3 Bxd3 17. Qxd3 Nd7 18. b4 Rf7 19. c4 Raf8 20. Re2 Rxf2 21.
Rxf2 Rxf2 22. Qg6 Rf6 23. Qe8+ Nf8 24. Kh2 Rg6 25. Rc3 Rf6 26. a3 Qd4 27. Rc1
Qd3 28. c5 Rg6 29. Nh1 Qxd5 30. Rc2 Rf6 31. Ng3 Qd3 32. Rc1 Rg6 33. Nh1 Rxg2+
34. Kxg2 Qd2+ 35. Nf2 Qxc1 36. cxd6 cxd6 37. Qe7 Qc6+ 38. Kg3 Qd7 39. Qh4 d5
40. Ng4 Qc7 41. Qh5 e4+ 42. Kg2 Qf7 43. Qe5 Qe6 44. Qd4 b6 45. Ne3 Ng6 46. Ng4
Qf5 47. Qc3 h5 48. Nf2 Ne5 49. Qc7 e3 50. Qd8+ Kh7 0-1

[Event "DMSl_2006_LSS_R4"]
[Site "SZSzach"]
[Date "2006.03.11"]
[Round "4.43"]
[White "Latka, Wieslaw"]
[Black "Mulet, Piotr"]
[Result "1-0"]
[WhiteElo "2106"]
[BlackElo "2218"]
[Annotator "Dalej zapisy nieczytelne"]
[PlyCount "83"]
[EventDate "2006.??.??"]

1. e4 c5 2. Nf3 d6 3. d4 cxd4 4. Nxd4 Nf6 5. Nc3 g6 6. Be2 Bg7 7. O-O O-O 8.
Be3 Nc6 9. Kh1 Bd7 10. f4 a6 11. Bf3 Rc8 12. a4 Qc7 13. Nb3 b6 14. Nd5 Nxd5 15.
exd5 Na5 16. Nxa5 bxa5 17. c3 Rb8 18. Rf2 Qc4 19. Be2 Qe4 20. Qd3 Bf5 21. Qxe4
Bxe4 22. Bxa6 Bxd5 23. Bb5 Rfc8 24. Rd2 Bc4 25. Bxc4 Rxc4 26. Kg1 f5 27. Ra2
Re4 28. Kf2 g5 29. g3 gxf4 30. gxf4 Bh6 31. Kf3 Kf7 32. Rd5 e6 33. Rxa5 Rg8 34.
Rb5 Rg4 35. Rb4 d5 36. h3 Rh4 37. Rxe4 fxe4+ 38. Kg3 Rh5 39. a5 Kf6 40. a6 e5
41. Kf2 exf4 42. Bd4+ 1-0

[Event "DMSl_2006_LSS_R4"]
[Site "SZSzach"]
[Date "2006.03.11"]
[Round "4.44"]
[White "Tomanek, Jerzy"]
[Black "Marzec, Jaroslaw"]
[Result "0-1"]
[WhiteElo "1974"]
[BlackElo "2095"]
[PlyCount "89"]
[EventDate "2006.??.??"]

1. e4 d5 2. exd5 Qxd5 3. Nc3 Qd8 4. Nf3 e6 5. d4 c5 6. Bb5+ Bd7 7. Bxd7+ Nxd7
8. O-O cxd4 9. Nxd4 Ngf6 10. Bg5 Be7 11. Qf3 Qb6 12. Nb3 O-O 13. Rad1 Ne5 14.
Qe2 Ng6 15. Rd3 Rad8 16. Rfd1 Rxd3 17. Rxd3 Qa6 18. Bxf6 Bxf6 19. Nc5 Qc6 20.
Nd7 Bxc3 21. Nxf8 Nf4 22. Qf3 Nxd3 23. Qxd3 Kxf8 24. bxc3 f5 25. h3 Qd5 26. Kf1
Ke7 27. a3 b5 28. Qd4 Kd6 29. Qb4+ Kc6 30. Kg1 Qd1+ 31. Kh2 Qd6+ 32. Qxd6+ Kxd6
33. Kg3 Kd5 34. Kf4 Kc4 35. Ke5 Kxc3 36. Kxe6 Kxc2 37. Kxf5 a5 38. g4 b4 39.
axb4 axb4 40. g5 b3 41. Ke6 b2 42. Kf7 b1=Q 43. Kxg7 Qb7+ 44. Kh6 Qe7 45. f4
0-1

[Event "DMSl_2006_LSS_R4"]
[Site "SZSzach"]
[Date "2006.03.11"]
[Round "4.45"]
[White "Binkiewicz, Dariusz"]
[Black "Kapusta, Tadeusz"]
[Result "1/2-1/2"]
[WhiteElo "2094"]
[BlackElo "2076"]
[PlyCount "83"]
[EventDate "2006.??.??"]

1. e4 c5 2. Nc3 Nc6 3. g3 g6 4. Bg2 Bg7 5. Nge2 e6 6. d3 Nge7 7. Be3 Nd4 8. O-O
O-O 9. Qd2 Nec6 10. Nd1 d5 11. exd5 exd5 12. Nf4 Bg4 13. f3 Bc8 14. c3 Nf5 15.
Bxc5 Re8 16. Re1 Rxe1+ 17. Qxe1 d4 18. c4 b6 19. Ba3 Ne5 20. Qe4 Rb8 21. Nd5
Bb7 22. Bh3 Bxd5 23. cxd5 Nd6 24. Bxd6 Qxd6 25. f4 Nd7 26. Bxd7 Qxd7 27. Rc1
Rd8 28. Nf2 h5 29. Kg2 Re8 30. Qf3 Re3 31. Qd1 Qxd5+ 32. Kg1 Qxa2 33. Qc2 Qe6
34. Ne4 f5 35. Ng5 Re1+ 36. Rxe1 Qxe1+ 37. Kg2 Qe8 38. Qc4+ Kh8 39. Nf7+ Kh7
40. Ng5+ Kh8 41. Nf7+ Kh7 42. Ng5+ 1/2-1/2

[Event "DMSl_2006_LSS_R4"]
[Site "SZSzach"]
[Date "2006.03.11"]
[Round "4.46"]
[White "Wiecek, Pawel"]
[Black "Jelen, Janusz"]
[Result "1-0"]
[WhiteElo "1987"]
[BlackElo "1999"]
[PlyCount "109"]
[EventDate "2006.??.??"]

1. d4 Nf6 2. g3 e6 3. c4 c5 4. d5 b5 5. dxe6 fxe6 6. Bg2 d5 7. cxd5 Bb7 8. Bg5
Be7 9. Nf3 exd5 10. O-O O-O 11. Nc3 b4 12. Na4 Nbd7 13. Rc1 Rc8 14. Nd2 Nb6 15.
Nxb6 axb6 16. Qc2 Qd7 17. Rcd1 b5 18. Nf3 Qe6 19. Bf4 Qe4 20. Qxe4 dxe4 21. Ng5
Bd5 22. Bh3 Bxa2 23. Bxc8 Rxc8 24. Bd6 Bxd6 25. Rxd6 Bb3 26. Ra1 h6 27. Ne6 Ba4
28. Rc1 c4 29. Nd4 b3 30. Nc6 Kf7 31. Rc3 Ne8 32. Ne5+ Ke7 33. Rb6 Rc5 34. Nc6+
Kd7 35. Nb4 Nd6 36. Rb8 Rc7 37. Kf1 Nc8 38. Rc1 c3 39. bxc3 Rxc3 40. Rb7+ Ke6
41. Rb1 Ne7 42. Rxe7+ Kd6 43. Rxe4 Rc4 44. Rd1+ Kc5 45. Nd3+ Kd5 46. Re7 Kd6
47. Rxg7 Rc8 48. Rg6+ Ke7 49. Rb1 h5 50. Ke1 Rc4 51. Ra6 h4 52. Nb2 Rb4 53. Kd2
hxg3 54. hxg3 Kd7 55. Rh1 1-0

[Event "DMSl_2006_LSS_R4"]
[Site "SZSzach"]
[Date "2006.03.11"]
[Round "4.47"]
[White "Kocjan, Miroslaw"]
[Black "Wiewiora, Eneasz"]
[Result "0-1"]
[WhiteElo "2047"]
[BlackElo "1663"]
[PlyCount "58"]
[EventDate "2006.??.??"]

1. e4 e5 2. Nf3 Nc6 3. Nc3 Nf6 4. Bc4 Nxe4 5. Bxf7+ Kxf7 6. Nxe4 d5 7. Neg5+
Kg8 8. d3 h6 9. Nh3 Bg4 10. c3 Qf6 11. Nhg1 e4 12. dxe4 dxe4 13. Qd5+ Kh7 14.
Qxe4+ Bf5 15. Qf4 Bd6 16. Qh4 Rhe8+ 17. Be3 g5 18. Qc4 Bf4 19. Ne2 Bxe3 20.
fxe3 Rad8 21. Nfd4 Ne5 22. Qxc7+ Rd7 23. Qa5 b6 24. Qb5 a6 25. Qxa6 Nd3+ 26.
Kd2 Qe5 27. Qxb6 Qxe3+ 28. Kc2 Nc5+ 29. Kd1 Qxe2+ 0-1

[Event "DMSl_2006_LSS_R4"]
[Site "SZSzach"]
[Date "2006.03.11"]
[Round "4.49"]
[White "Lach, Krzysztof"]
[Black "Miszczak, Dariusz"]
[Result "0-1"]
[WhiteElo "2029"]
[BlackElo "2127"]
[PlyCount "93"]
[EventDate "2006.??.??"]

1. e4 c5 2. Nc3 Nc6 3. g3 g6 4. Bg2 Bg7 5. d3 e6 6. f4 d6 7. Nf3 Nge7 8. O-O
O-O 9. Be3 Nd4 10. e5 Nef5 11. Bf2 Nxf3+ 12. Qxf3 Nd4 13. Qd1 d5 14. Na4 b6 15.
b4 Bd7 16. bxc5 Bxa4 17. Bxd4 Rc8 18. cxb6 Rxc2 19. Qb1 axb6 20. Bxb6 Qa8 21.
Rf2 Rfc8 22. Qe1 Bf8 23. Be3 Ba3 24. Rxc2 Rxc2 25. Bd4 Bb5 26. Bf1 Qa4 27. Qe3
Qb4 28. Be2 Bb2 29. Bxb2 Qxb2 30. Re1 d4 31. Qf3 Bc6 32. Qf2 Ba8 33. h4 h5 34.
Qf1 Qb7 35. Kh2 Qf3 36. Kh3 Qe3 37. Bxh5 gxh5 38. Rxe3 dxe3 39. Qb1 Bg2+ 40.
Kh2 Rf2 41. Qb8+ Kg7 42. Kg1 Bf3 43. Qd8 Rg2+ 44. Kf1 e2+ 45. Ke1 Rg1+ 46. Kf2
e1=Q+ 47. Kxf3 0-1

[Event "DMSl_2006_LSS_R4"]
[Site "SZSzach"]
[Date "2006.03.11"]
[Round "4.50"]
[White "Pawlus, Grzegorz"]
[Black "Przybylka, Damian"]
[Result "1-0"]
[WhiteElo "2061"]
[BlackElo "2091"]
[PlyCount "71"]
[EventDate "2006.??.??"]

1. d4 e6 2. c4 d5 3. Nc3 f5 4. Nf3 Nf6 5. Bg5 c6 6. g3 Bd6 7. Bg2 O-O 8. O-O
Qe8 9. Bxf6 Rxf6 10. e3 Rh6 11. Nd2 Nd7 12. f4 Nf6 13. Bf3 Bd7 14. Rb1 Qe7 15.
c5 Bc7 16. b4 a6 17. a4 Be8 18. b5 Ba5 19. Qc2 Bh5 20. Bxh5 Rxh5 21. Nf3 Ng4
22. Qd3 g5 23. bxc6 bxc6 24. Rb2 h6 25. Rfb1 Ra7 26. Na2 Qg7 27. Nb4 Bxb4 28.
Rxb4 gxf4 29. exf4 a5 30. Rb8+ Kh7 31. R1b6 Rc7 32. Qe2 Nxh2 33. Nxh2 Qxg3+ 34.
Qg2 Qe1+ 35. Nf1 Rg7 36. R8b7 1-0

[Event "DMSl_2006_LSS_R4"]
[Site "SZSzach"]
[Date "2006.03.11"]
[Round "4.55"]
[White "Moldawski, Tomasz"]
[Black "Kliber, Aleksander"]
[Result "1/2-1/2"]
[WhiteElo "2191"]
[BlackElo "2082"]
[PlyCount "32"]
[EventDate "2006.??.??"]

1. e4 c5 2. Nf3 Nc6 3. Bb5 g6 4. O-O Bg7 5. Bxc6 bxc6 6. d3 e5 7. Be3 d6 8. Nc3
Ne7 9. Nd2 O-O 10. f4 Rb8 11. fxe5 Bxe5 12. Bh6 Bd4+ 13. Kh1 Bg7 14. Bxg7 Kxg7
15. b3 f5 16. Qe1 Ng8 1/2-1/2

[Event "DMSl_2006_LSS_R4"]
[Site "SZSzach"]
[Date "2006.03.11"]
[Round "4.56"]
[White "Banasik, Henryk"]
[Black "Piter, Slawomir"]
[Result "1-0"]
[WhiteElo "2143"]
[BlackElo "2159"]
[PlyCount "98"]
[EventDate "2006.??.??"]

1. e4 c5 2. Nf3 Nc6 3. Bb5 Nf6 4. e5 Nd5 5. Nc3 Nxc3 6. dxc3 g6 7. Bf4 Bg7 8.
Qd2 Qb6 9. a4 a6 10. Bxc6 dxc6 11. O-O Bf5 12. b3 Rd8 13. Qe2 Qa5 14. c4 O-O
15. h3 Qc3 16. Rac1 Rd7 17. g4 Be6 18. Rfd1 h5 19. Ng5 Rxd1+ 20. Rxd1 hxg4 21.
hxg4 b5 22. axb5 cxb5 23. cxb5 axb5 24. Nxe6 fxe6 25. Qe4 Qb4 26. Qxb4 cxb4 27.
Rd4 Rc8 28. Rxb4 Rc5 29. c4 bxc4 30. Rxc4 Rb5 31. b4 Bxe5 32. Bxe5 Rxe5 33. Kg2
Kf7 34. Kf3 Re1 35. Rf4+ Ke8 36. Re4 Rb1 37. Rxe6 Rb3+ 38. Kg2 Rxb4 39. Rxg6
Kf7 40. Rg5 e6 41. Kg3 Kf6 42. Rh5 Kg6 43. Re5 Kf6 44. f4 Rb6 45. Kh4 Kg6 46.
Rxe6+ Rxe6 47. f5+ Kf6 48. fxe6 Kxe6 49. Kg5 Kf7 1-0

[Event "DMSl_2006_LSS_R4"]
[Site "SZSzach"]
[Date "2006.03.11"]
[Round "4.57"]
[White "Porebski, Lukasz"]
[Black "Banasik, Marian"]
[Result "0-1"]
[WhiteElo "2084"]
[BlackElo "2229"]
[PlyCount "36"]
[EventDate "2006.??.??"]

1. e4 d5 2. exd5 Qxd5 3. Nc3 Qd8 4. Be2 g6 5. d4 Bg7 6. Be3 Nf6 7. h4 h5 8. Qd2
Nbd7 9. O-O-O Nb6 10. d5 Ng4 11. Bd4 Bh6 12. f4 O-O 13. Nh3 Nxd5 14. Be3 c6 15.
Rhe1 Bf5 16. Bc5 Nxf4 17. Ng5 Qxd2+ 18. Rxd2 Rfd8 0-1

[Event "DMSl_2006_LSS_R4"]
[Site "SZSzach"]
[Date "2006.03.11"]
[Round "4.62"]
[White "Gondzik, Dawid"]
[Black "Hasinski, Krystian"]
[Result "0-1"]
[WhiteElo "2042"]
[BlackElo "2052"]
[Annotator "Dalej oba zapisy niepoprawne"]
[PlyCount "75"]
[EventDate "2006.??.??"]

1. d4 c6 2. c4 d5 3. Nc3 Nf6 4. Nf3 e6 5. Bg5 Nbd7 6. e3 Qa5 7. Nd2 Bb4 8. Qc2
O-O 9. h4 Re8 10. Bd3 e5 11. Nb3 Qc7 12. O-O-O Bxc3 13. Qxc3 a5 14. c5 a4 15.
Nd2 e4 16. Be2 b6 17. Bf4 Qb7 18. g4 Nf8 19. g5 N6d7 20. h5 Ne6 21. h6 g6 22.
Kb1 Nxf4 23. exf4 Nf8 24. Rc1 Bf5 25. Ka1 b5 26. Nf1 Qc7 27. Qe3 a3 28. b4 Ra7
29. Rc3 Rea8 30. Nd2 Ne6 31. Rh4 f6 32. Bg4 Qxf4 33. Bxf5 Qxf5 34. gxf6 Rf8 35.
Nb1 Rxf6 36. Rh2 Qg4 37. Qd2 Qg2 38. f3 0-1